Technika kladenia otázok a ich taktický význam v negociačnom procese
Z pohľadu úspešnosti obchodných rokovaní sa otázkam pripisuje čoraz väčšia dôležitosť. Problematika, ktorá sa týka správneho kladenia otázok, reflektuje dvojakú interpretáciu. Otázky je potrebné vnímať ako nástroj a prostriedok proti manipulovaniu. Otázky plnia v rokovaní okrem iného aj dôležitú fun...
Gespeichert in:
| 1. Verfasser: | |
|---|---|
| Format: | Buchkapitel |
| Sprache: | Slowakisch |
| Schlagworte: | |
| Tags: |
Keine Tags, Fügen Sie das erste Tag hinzu!
|
MARC
| LEADER | 00000nla a2200000 4500 | ||
|---|---|---|---|
| 001 | 0160542 | ||
| 005 | 20240502072802.3 | ||
| 041 | 0 | |a slo | |
| 044 | |a SK | ||
| 245 | 1 | 0 | |a Technika kladenia otázok a ich taktický význam v negociačnom procese |c Milena Helmová |
| 520 | |a Z pohľadu úspešnosti obchodných rokovaní sa otázkam pripisuje čoraz väčšia dôležitosť. Problematika, ktorá sa týka správneho kladenia otázok, reflektuje dvojakú interpretáciu. Otázky je potrebné vnímať ako nástroj a prostriedok proti manipulovaniu. Otázky plnia v rokovaní okrem iného aj dôležitú funkciu pri získavaní informácií, zisťovaní záujmov partnera a jeho postojov. | ||
| 610 | 2 | 0 | |a rokovania obchodné |
| 610 | 2 | 0 | |a partneri obchodní |
| 610 | 2 | 0 | |a komunikácia |
| 610 | 2 | 0 | |a informácie |
| 100 | 1 | |a Helmová, Milena, 1954- | |